Chemical kinetics (Record no. 15004)

000 -LEADER
fixed length control field 00504nam a22001937a 4500
001 - CONTROL NUMBER
control field 15004
003 - CONTROL NUMBER IDENTIFIER
control field BD-DhUET
008 - FIXED-LENGTH DATA ELEMENTS--GENERAL INFORMATION
fixed length control field 150310b xxu||||| |||| 00| 0 eng d
040 ## - CATALOGING SOURCE
Original cataloging agency DLC
Transcribing agency DLC
Modifying agency BD-DhUET
082 ## - DEWEY DECIMAL CLASSIFICATION NUMBER
Classification number 541.394
Item number LAI/1965
100 ## - MAIN ENTRY--PERSONAL NAME
Personal name Laidler, Keith J.
245 ## - TITLE STATEMENT
Title Chemical kinetics
250 ## - EDITION STATEMENT
Edition statement 2nd ed.
260 ## - PUBLICATION, DISTRIBUTION, ETC. (IMPRINT)
Place of publication, distribution, etc. New Delhi
Name of publisher, distributor, etc. Tata McGraw-Hill
Date of publication, distribution, etc. 1965
300 ## - PHYSICAL DESCRIPTION
Extent viii,566p.
Other physical details illus.
504 ## - BIBLIOGRAPHY, ETC. NOTE
Bibliography, etc Includes bibliographies
650 #0 - SUBJECT ADDED ENTRY--TOPICAL TERM
Topical term or geographic name as entry element Kinetics : Reactions : Chemistry
942 ## - ADDED ENTRY ELEMENTS (KOHA)
Koha item type General Book
Holdings
Shelving location Koha full call number Koha date last seen Koha normalized classification for sorting Piece designation (barcode) Location (home branch) Not for loan Source of classification or shelving scheme Price effective from Copy number Sublocation or collection (holding branch) Date acquired Damaged status Lost status Koha item type Withdrawn status
Circulation section541.394/LAI/19652015-03-10541_394000000000000_LAI_196533559Central Library, BUET  2015-03-101Central Library, BUET2015-03-10  General Book 
Circulation section541.394/LAI/19652015-03-14541_394000000000000_LAI_196558458Central Library, BUET  2015-03-142Central Library, BUET2015-03-14  General Book 
Circulation section541.394/LAI/19652025-11-29541_394000000000000_LAI_196558454Central Library, BUET  2015-03-143Central Library, BUET2015-03-14  General Book 
Circulation section541.394/LAI/19652015-03-14541_394000000000000_LAI_196558460Central Library, BUET  2015-03-144Central Library, BUET2015-03-14  General Book 
Circulation section541.394/LAI/19652015-03-14541_394000000000000_LAI_196529718Central Library, BUET  2015-03-145Central Library, BUET2015-03-14  General Book